A metageometric enquiry concerning time, space, and quantum physics /
Guardado en:
| Otros Autores: | |
|---|---|
| Formato: | Manuscrito |
| Idioma: | English |
| Publicado: |
Jyvaskyla, Finland :
University of Jyvaskyla,
2008.
|
| Etiquetas: |
Agregar Etiqueta
Sin Etiquetas, Sea el primero en etiquetar este registro!
|
| LEADER | 00685ntm a22001695a 4500 | ||
|---|---|---|---|
| 001 | MAT.inmabb006165 | ||
| 008 | 091111s2008####fi#a#####bm###001#0#eng#d | ||
| 005 | 20170523124216.0 | ||
| 245 | 1 | 2 | |a A metageometric enquiry concerning time, space, and quantum physics / |c by Diego Meschini. |
| 260 | |a Jyvaskyla, Finland : |b University of Jyvaskyla, |c 2008. | ||
| 300 | |a xiii, 271 p. : |b il. ; |c 25 cm. | ||
| 502 | |a Tesis (Ph.D.) -- University of Jyvaskyla, Departmento of Physics, 2008. | ||
| 504 | |a Incluye referencias bibliográficas. | ||
| 100 | 1 | |a Meschini, Diego. |4 dis | |
| 710 | 2 | |a University of Jyvaskyla. |4 dgg | |
| 084 | |a 81-XX (81P05 83-XX 83C45) |2 msc2000 | ||
| 859 | |h 81 |i M578 |p A-8590 |b BIB. MATEMATICA | ||
